| 000 | 00553nam a2200241 a 4500 | ||
|---|---|---|---|
| 001 | nice12345678 | ||
| 003 | IN_TiNIC | ||
| 005 | 20260116011515.0 | ||
| 008 | 050524s1900 boma grp 000 0 per | ||
| 020 |
_a _c100 |
||
| 082 | 0 | 0 |
_a297.1 _bSHA1 |
| 100 | _aShamsul, Moali | ||
| 245 | _aQaboos Namah | ||
| 260 |
_aBombay _bNo Publishers _c1900 |
||
| 300 | _a199p | ||
| 500 | _aincludes index and biblioraphy | ||
| 505 | 2 | _aIndex | |
| 650 | _aIslam-Miscellany | ||
| 700 | 1 | _aShamsul, Moali | |
| 902 | _bSRS | ||
| 942 | _cBK | ||
| 999 |
_c2146 _d2146 |
||